[Event "Junior Online 4NCL Division 5"]
[Site "online"]
[Date "2021.03.18"]
[EventDate "2021.03.18"]
[Round "5.253"]
[White "Sridhar, Siddarth Iyer"]
[WhiteElo "1057"]
[WhiteTeam "Maidenhead Juniors 4"]
[Black "Goldhawk, Harrison"]
[BlackElo "958"]
[BlackTeam "Surrey Kings 4"]
[Result "1-0"]
[PlyCount "61"]

1. e4 e5 2. Nf3 Nc6 3. Bc4 Nf6 4. Ng5 Na5 5. Nxf7 Rg8 6. Nxd8 Rh8 7. Nf7 Nxc4 8. Nxh8 d5 9. exd5 c6 10. dxc6 bxc6 11. d3 Nd6 12. Qf3 Bb7 13. O-O c5 14. Qg3 Nh5 15. Qxe5+ Kd8 16. Qxh5 Nb5 17. Bg5+ Kd7 18. Qf7+ Kc6 19. Qf3+ Kb6 20. Qh5 Bd6 21. Qxh7 Bf8 22. Nc3 Nd4 23. Qg6+ Kc7 24. Rae1 Bc8 25. Bf4+ Kb7 26. Qe4+ Ka6 27. Qxa8 Nxc2 28. Qxc8+ Kb6 29. Re6+ Ka5 30. Qxf8 Nb4 31. Qxc5# 1-0

[Event "Junior Online 4NCL Division 5"]
[Site "online"]
[Date "2021.03.18"]
[EventDate "2021.03.18"]
[Round "5.254"]
[White "Vaz, Bryan"]
[WhiteElo "850"]
[WhiteTeam "Surrey Kings 4"]
[Black "Patel, Thilak"]
[BlackElo "1023"]
[BlackTeam "Maidenhead Juniors 4"]
[Result "1-0"]
[PlyCount "43"]

1. e3 e5 2. Nc3 Nc6 3. b3 Nf6 4. Bb2 Bc5 5. Nf3 O-O 6. Bb5 a6 7. Bxc6 bxc6 8. Nxe5 d6 9. Nxc6 Qd7 10. Nd4 Bxd4 11. exd4 c5 12. Ne2 cxd4 13. Bxd4 h6 14. O-O d5 15. Bxf6 gxf6 16. Nd4 Bb7 17. Re1 Qd6 18. Qh5 Rae8 19. Nf5 Qf4 20. Nxh6+ Kh7 21. Nxf7+ Kg8 22. Qg6# 1-0

[Event "Junior Online 4NCL Division 5"]
[Site "online"]
[Date "2021.03.18"]
[EventDate "2021.03.18"]
[Round "5.255"]
[White "Carter, Olvier"]
[WhiteElo "935"]
[WhiteTeam "Surrey Kings 4"]
[Black "Anchan, Anirudh"]
[BlackElo "1086"]
[BlackTeam "Maidenhead Juniors 4"]
[Result "0-1"]
[PlyCount "92"]

1. e4 e5 2. Nf3 Nc6 3. Bc4 Bc5 4. d3 h6 5. h3 Nf6 6. Nc3 O-O 7. Nh4 d6 8. Nf5 Bxf5 9. exf5 Nd4 10. Be3 Nxf5 11. Nd5 Nxd5 12. Bxd5 Bxe3 13. fxe3 Nxe3 14. Qf3 Nxc2+ 15. Kd1 Nxa1 16. Be4 Qd7 17. Bf5 Qa4+ 18. Ke1 Qxa2 19. d4 Qxb2 20. dxe5 Qc1+ 21. Qd1 Qxd1+ 22. Kxd1 dxe5 23. Ke2 Rad8 24. Rxa1 a6 25. Rb1 b5 26. Rc1 Rd6 27. Rxc7 Rfd8 28. Rc2 g6 29. Bd3 Rxd3 30. Rb2 Rc3 31. Rd2 Rxd2+ 32. Kxd2 Rc8 33. Ke3 a5 34. Ke4 f6 35. Kd5 a4 36. Ke6 Kg7 37. Kd7 Rc1 38. Kd6 a3 39. Ke7 a2 40. g4 a1=Q 41. h4 Rc6 42. Kd7 Ra6 43. Kc7 Re6 44. Kd7 Kf7 45. Kc7 Qa7+ 46. Kd8 Re8# 0-1

[Event "Junior Online 4NCL Division 5"]
[Site "online"]
[Date "2021.03.18"]
[EventDate "2021.03.18"]
[Round "5.256"]
[White "Avezbakiev, Tom"]
[WhiteElo "1068"]
[WhiteTeam "Maidenhead Juniors 4"]
[Black "O’Sullivan, Jack"]
[BlackElo "925"]
[BlackTeam "Surrey Kings 4"]
[Result "1-0"]
[PlyCount "57"]

1. e4 e5 2. Nf3 Nc6 3. Bc4 Bc5 4. d3 Nf6 5. Nc3 d6 6. Bg5 h6 7. Bxf6 Qxf6 8. Nd5 Qd8 9. Qd2 O-O 10. O-O-O Nb4 11. Nxb4 Bxb4 12. Qxb4 Bg4 13. Qd2 Qf6 14. Rhg1 c6 15. h3 Bxf3 16. gxf3 d5 17. exd5 cxd5 18. Bxd5 Qd6 19. Bb3 g5 20. h4 Kh7 21. hxg5 hxg5 22. Rh1+ Kg6 23. Rhg1 f6 24. d4 Rac8 25. Qd3+ f5 26. Qd2 exd4 27. Qxg5+ Kh7 28. Rh1+ Qh6 29. Rxh6# 1-0

[Event "Junior Online 4NCL Division 5"]
[Site "online"]
[Date "2021.03.18"]
[EventDate "2021.03.18"]
[Round "5.257"]
[White "Goldhawk, Harrison"]
[WhiteElo "958"]
[WhiteTeam "Surrey Kings 4"]
[Black "Sridhar, Siddarth Iyer"]
[BlackElo "1057"]
[BlackTeam "Maidenhead Juniors 4"]
[Result "0-1"]
[PlyCount "44"]

1. d4 Nf6 2. Nc3 e5 3. dxe5 Ng4 4. Ne4 Nxe5 5. Bf4 Qe7 6. Qd2 Nc4 7. Qc3 Qxe4 8. Nh3 Nc6 9. O-O-O d5 10. Rd3 Bxh3 11. Rf3 Bg4 12. Rg3 Qxf4+ 13. e3 Qg5 14. f4 Qh4 15. Qe1 Qf6 16. Rxg4 Qxb2+ 17. Kd1 Bc5 18. Rxg7 Nxe3+ 19. Ke2 Qxc2+ 20. Kf3 O-O-O 21. Rxf7 Rde8 22. g3 Nd4# 0-1

[Event "Junior Online 4NCL Division 5"]
[Site "online"]
[Date "2021.03.18"]
[EventDate "2021.03.18"]
[Round "5.258"]
[White "Patel, Thilak"]
[WhiteElo "1023"]
[WhiteTeam "Maidenhead Juniors 4"]
[Black "Vaz, Bryan"]
[BlackElo "850"]
[BlackTeam "Surrey Kings 4"]
[Result "0-1"]
[PlyCount "86"]

1. e4 e6 2. Nf3 Nc6 3. Nc3 Bc5 4. Bc4 Qf6 5. O-O Nge7 6. d3 O-O 7. Ng5 d6 8. h3 h6 9. Nf3 Ne5 10. Nxe5 Qxe5 11. Bd2 d5 12. exd5 exd5 13. Bb3 d4 14. Ne4 Bf5 15. Qe1 Bd6 16. Nxd6 Qxd6 17. Bc4 Rae8 18. c3 Ng6 19. cxd4 Rxe1 20. Raxe1 Qxd4 21. Be3 Qxb2 22. d4 Qc3 23. Bd5 c6 24. Bf3 Bd3 25. Be2 Qc4 26. Bxd3 Qxd3 27. a4 Nh4 28. g3 Nf3+ 29. Kg2 Nxe1+ 30. Rxe1 Re8 31. Kf3 Qe4+ 32. Ke2 Qxd4 33. Kf3 Qb4 34. g4 Qxe1 35. Kg2 Qb4 36. Bxa7 Qxa4 37. Bd4 Qxd4 38. f3 Qf4 39. Kf2 Qe3+ 40. Kg3 Qg1+ 41. Kf4 g5+ 42. Kf5 Qb1+ 43. Kf6 Qg6# 0-1

[Event "Junior Online 4NCL Division 5"]
[Site "online"]
[Date "2021.03.18"]
[EventDate "2021.03.18"]
[Round "5.261"]
[White "Tomita, Akito"]
[WhiteElo "1000"]
[WhiteTeam "King's Cross Kings"]
[Black "Rolletta, Giuseppe"]
[BlackElo "1137"]
[BlackTeam "Golden Falcons 2"]
[Result "1-0"]
[PlyCount "47"]

1. e4 e5 2. Nf3 Nf6 3. Nxe5 Nxe4 4. Qe2 f5 5. g4 Nd6 6. gxf5 Nxf5 7. Nc6+ Ne7 8. Nxd8 Kxd8 9. d4 Nec6 10. d5 Nb4 11. Qc4 c5 12. Qh4+ Be7 13. Bg5 Nxc2+ 14. Kd1 Nxa1 15. Bxe7+ Ke8 16. Bd3 Kf7 17. Bg6+ Kxg6 18. Qg5+ Kf7 19. d6 c4 20. Qf5+ Ke8 21. Qh5+ g6 22. Qh6 Kf7 23. Qf4+ Kg8 24. Qf8# 1-0

[Event "Junior Online 4NCL Division 5"]
[Site "online"]
[Date "2021.03.18"]
[EventDate "2021.03.18"]
[Round "5.262"]
[White "Lee, Thomas"]
[WhiteElo "1000"]
[WhiteTeam "Golden Falcons 2"]
[Black "Cohen, Zac"]
[BlackElo "950"]
[BlackTeam "King's Cross Kings"]
[Result "1-0"]
[PlyCount "79"]

1. d4 d5 2. Bf4 Nc6 3. e3 h6 4. c3 g5 5. Bg3 f5 6. Nf3 Nf6 7. Nbd2 g4 8. Ne5 b5 9. Bxb5 a6 10. Bxc6+ Bd7 11. Bxa8 Qxa8 12. Nxd7 Kxd7 13. Be5 Bg7 14. f3 Qb7 15. Rb1 Nh5 16. Bxg7 Nxg7 17. fxg4 Rf8 18. O-O e6 19. gxf5 exf5 20. Qe1 Qb5 21. b3 Re8 22. Rf3 Qa5 23. a4 Qxc3 24. Rc1 Qb2 25. Rb1 Qc3 26. Nf1 Ne6 27. Qxc3 Ng5 28. Rxf5 Ne4 29. Qa5 h5 30. Rxd5+ Ke6 31. Re5+ Kd7 32. Rxe8 Kxe8 33. Qxh5+ Ke7 34. Qe5+ Kf7 35. Qxe4 c6 36. Qxc6 a5 37. Qa6 Kg7 38. Rc1 Kf7 39. Rc7+ Ke8 40. Qa8# 1-0

[Event "Junior Online 4NCL Division 5"]
[Site "online"]
[Date "2021.03.18"]
[EventDate "2021.03.18"]
[Round "5.263"]
[White "Revilla, Guillem"]
[WhiteElo "950"]
[WhiteTeam "King's Cross Kings"]
[Black "Masterskikh, Elena"]
[BlackElo "870"]
[BlackTeam "Golden Falcons 2"]
[Result "0-1"]
[PlyCount "98"]

1. e4 e5 2. Bc4 c6 3. Nf3 d5 4. exd5 cxd5 5. Bb5+ Nc6 6. O-O a6 7. Bd3 e4 8. Bxe4 dxe4 9. Ng5 f6 10. d3 fxg5 11. dxe4 Qxd1 12. Rxd1 Bg4 13. Re1 Bb4 14. Rf1 Be2 15. Bxg5 Bxf1 16. Kxf1 h6 17. Bf4 g5 18. Bc7 Nd4 19. h3 Nxc2 20. a3 Nxa1 21. axb4 Nc2 22. Nc3 Nxb4 23. Na4 b5 24. Nb6 Ra7 25. Bd6 Nd3 26. Nc8 Rd7 27. Bb8 Rd8 28. Nd6+ Ke7 29. Bc7 Rd7 30. Nf5+ Ke6 31. Bg3 Ne5 32. Ne3 h5 33. Bh2 Rc7 34. Ke2 Nf6 35. g4 Nxe4 36. gxh5 Rch7 37. Kd1 Rd7+ 38. Kc2 Rc8+ 39. Kb3 a5 40. Ka3 b4+ 41. Ka4 Kf6 42. h6 b3 43. f4 gxf4 44. Bxf4 Rc1 45. h4 Ra1+ 46. Kxb3 Rd4 47. Kc2 Ra3 48. h7 Rd2+ 49. Kc1 Ra1# 0-1

[Event "Junior Online 4NCL Division 5"]
[Site "online"]
[Date "2021.03.18"]
[EventDate "2021.03.18"]
[Round "5.264"]
[White "Masterskikh, Luka"]
[WhiteElo "500"]
[WhiteTeam "Golden Falcons 2"]
[Black "Lew, Elisha"]
[BlackElo "1000"]
[BlackTeam "King's Cross Kings"]
[Result "1-0"]
[PlyCount "73"]

1. d4 d5 2. Nf3 Nf6 3. Bf4 Nc6 4. c3 h6 5. Bg3 b6 6. e3 Ne4 7. Bd3 Nxg3 8. fxg3 f6 9. Qc2 Qd6 10. Bg6+ Kd8 11. Nh4 a5 12. Nf5 Qe6 13. Ke2 Ba6+ 14. Kf2 Qc8 15. Bh5 Rg8 16. Nxh6 gxh6 17. Re1 Bb5 18. Kg1 Qa6 19. Qf2 Rg5 20. Bf7 Qc8 21. h4 Rf5 22. Qd2 Ra7 23. Na3 Ba6 24. b3 Qb7 25. c4 dxc4 26. bxc4 a4 27. d5 Na5 28. e4 Re5 29. Qd4 e6 30. dxe6+ Kc8 31. Reb1 Bc5 32. Rd1 Bxd4+ 33. Rxd4 Nc6 34. Rd7 h5 35. Rad1 Rxe4 36. R1d5 Nb4 37. Rd8# 1-0

[Event "Junior Online 4NCL Division 5"]
[Site "online"]
[Date "2021.03.18"]
[EventDate "2021.03.18"]
[Round "5.265"]
[White "Rolletta, Giuseppe"]
[WhiteElo "1137"]
[WhiteTeam "Golden Falcons 2"]
[Black "Tomita, Akito"]
[BlackElo "1000"]
[BlackTeam "King's Cross Kings"]
[Result "0-1"]
[PlyCount "36"]

1. e4 e5 2. Nf3 Nc6 3. Nxe5 Nxe5 4. d4 Ng6 5. c4 Bb4+ 6. Ke2 d6 7. Qa4+ Bd7 8. Qxb4 Bg4+ 9. f3 Nf4+ 10. Bxf4 Qf6 11. fxg4 Qxf4 12. Qd2 Qxe4+ 13. Kd1 O-O-O 14. Qg5 Re8 15. Qxg7 Qe1+ 16. Kc2 Re3 17. Qxh8 Qf2+ 18. Kd1 Re1# 0-1

[Event "Junior Online 4NCL Division 5"]
[Site "online"]
[Date "2021.03.18"]
[EventDate "2021.03.18"]
[Round "5.266"]
[White "Cohen, Zac"]
[WhiteElo "950"]
[WhiteTeam "King's Cross Kings"]
[Black "Lee, Thomas"]
[BlackElo "1000"]
[BlackTeam "Golden Falcons 2"]
[Result "0-1"]
[PlyCount "78"]

1. e4 c6 2. Qf3 d5 3. Be2 Nf6 4. e5 Bg4 5. Qf4 Bxe2 6. Nxe2 Nh5 7. Qg4 g6 8. Nf4 Nxf4 9. Qxf4 Nd7 10. O-O Bg7 11. d3 Bxe5 12. Qf3 Qc7 13. c4 Bxh2+ 14. Kh1 dxc4 15. dxc4 f6 16. Qh3 Bf4 17. Qf3 Bxc1 18. Rxc1 Ne5 19. Qe4 f5 20. Qh4 Ng4 21. f3 Nf6 22. Qh6 O-O-O 23. Qg7 b6 24. Nc3 e6 25. Rd1 Qxg7 26. Rxd8+ Rxd8 27. Na4 b5 28. cxb5 cxb5 29. Rc1+ Kd7 30. Rd1+ Ke8 31. Nc5 Rxd1+ 32. Kh2 Qc7+ 33. g3 Qxc5 34. a3 Rd3 35. b4 Qc2+ 36. Kh3 Rxf3 37. Kh4 Qe4+ 38. Kh3 Rf2 39. a4 Qg4# 0-1

[Event "Junior Online 4NCL Division 5"]
[Site "online"]
[Date "2021.03.18"]
[EventDate "2021.03.18"]
[Round "5.267"]
[White "Masterskikh, Elena"]
[WhiteElo "870"]
[WhiteTeam "Golden Falcons 2"]
[Black "Revilla, Guillem"]
[BlackElo "950"]
[BlackTeam "King's Cross Kings"]
[Result "1-0"]
[PlyCount "61"]

1. e4 e6 2. Nc3 d5 3. d3 dxe4 4. dxe4 Qxd1+ 5. Nxd1 Bb4+ 6. c3 Ba5 7. b4 Bb6 8. Bb5+ c6 9. Bc4 Nf6 10. f3 O-O 11. g4 Nfd7 12. Ne2 Ne5 13. Bb3 Nxf3+ 14. Kf1 Nd7 15. Kg2 Nde5 16. Ne3 Bd8 17. Rd1 Bh4 18. Bb2 g6 19. Kh3 h5 20. gxh5 gxh5 21. Nf4 Kh8 22. Nxh5 Rg8 23. Nf6 Rg6 24. Rd8+ Kg7 25. Nh5+ Kh6 26. Rh8+ Kg5 27. Rg1+ Nxg1+ 28. Kg2 Ngf3 29. Bc1 Ng4 30. Nxg4+ Kxg4 31. h3# 1-0

[Event "Junior Online 4NCL Division 5"]
[Site "online"]
[Date "2021.03.18"]
[EventDate "2021.03.18"]
[Round "5.268"]
[White "Lew, Elisha"]
[WhiteElo "1000"]
[WhiteTeam "King's Cross Kings"]
[Black "Masterskikh, Luka"]
[BlackElo "500"]
[BlackTeam "Golden Falcons 2"]
[Result "1-0"]
[PlyCount "105"]

1. d4 d5 2. Nf3 Nc6 3. e3 Bg4 4. h3 Bh5 5. Nc3 e6 6. g4 Bg6 7. Nh4 f6 8. Nxg6 hxg6 9. f3 Bb4 10. a3 Ba5 11. b4 Bb6 12. Bb2 Nh6 13. e4 Qe7 14. Bc1 Nxd4 15. Nb5 Nxb5 16. Bxb5+ Kd8 17. h4 f5 18. Bg5 Qxg5 19. hxg5 Rf8 20. gxh6 gxh6 21. Rxh6 fxe4 22. fxe4 c6 23. Bf1 Bf2+ 24. Kd2 dxe4 25. Kc1+ Kc8 26. Kb1 Rd8 27. Rh8 Rxh8 28. Bg2 Rd8 29. Qh1 c5 30. Bxe4 Bd4 31. Bxb7+ Kc7 32. Bxa8 Bxa1 33. Kxa1 Rb8 34. Qh2+ Kc8 35. Qh8+ Kc7 36. Qe5+ Kc8 37. Qxc5+ Kd8 38. Qf8+ Kc7 39. Qc5+ Kd8 40. Qxa7 Kc8 41. Bg2 e5 42. Qc5+ Kd8 43. Qxe5 Kc8 44. Bh3 Rb7 45. g5+ Kd8 46. Bg2 Re7 47. Qd6+ Rd7 48. Qf6+ Kc8 49. Bh3 Kc7 50. Qe6 Kb8 51. Qxd7 Ka8 52. Bg2+ Kb8 53. Qb7# 1-0

[Event "Junior Online 4NCL Division 5"]
[Site "online"]
[Date "2021.03.18"]
[EventDate "2021.03.18"]
[Round "5.271"]
[White "Querfurth Waterman, Tal"]
[WhiteElo "858"]
[WhiteTeam "Eden Primary Bishops"]
[Black "Mykhnenko, Marijka"]
[BlackElo "1027"]
[BlackTeam "Warwickshire Bears H"]
[Result "0-1"]
[PlyCount "98"]

1. e4 e5 2. Bc4 Nc6 3. Nc3 Bc5 4. Nf3 Nf6 5. h3 d6 6. d3 h6 7. O-O O-O 8. Re1 Nd4 9. Nxd4 Bxd4 10. Bd2 Nh7 11. Ne2 Bxb2 12. Rb1 Ba3 13. Nc3 Bc5 14. Qf3 Ng5 15. Qg3 c6 16. h4 Ne6 17. Bxh6 Qf6 18. Bxe6 fxe6 19. Bg5 Qxf2+ 20. Qxf2 Bxf2+ 21. Kf1 Bxe1+ 22. Kxe1 Re8 23. Ne2 d5 24. exd5 exd5 25. Ng1 e4 26. dxe4 Rxe4+ 27. Ne2 Bg4 28. Rxb7 Rxe2+ 29. Kd1 Rxg2+ 30. Kc1 Bf5 31. h5 Rxg5 32. Kd1 Rxh5 33. Ke1 Rh2 34. Kf1 Rxc2 35. Kg1 Rxa2 36. Kf1 c5 37. Ke1 Be4 38. Kd1 d4 39. Kc1 Bxb7 40. Kb1 Rh2 41. Kc1 Bf3 42. Kb1 Rb8+ 43. Ka1 Rc8 44. Kb1 d3 45. Kc1 a5 46. Kb1 d2 47. Kc2 Rd8 48. Kb3 d1=Q+ 49. Ka3 Rd3# 0-1

[Event "Junior Online 4NCL Division 5"]
[Site "online"]
[Date "2021.03.18"]
[EventDate "2021.03.18"]
[Round "5.272"]
[White "Pal, Rhea"]
[WhiteElo "1028"]
[WhiteTeam "Warwickshire Bears H"]
[Black "Marks, Rory"]
[BlackElo "914"]
[BlackTeam "Eden Primary Bishops"]
[Result "0-1"]
[PlyCount "94"]

1. d4 d5 2. Bf4 Nc6 3. e3 Nf6 4. Bd3 e6 5. Nf3 Nb4 6. c3 Nxd3+ 7. Qxd3 Bd6 8. Bg3 Ne4 9. O-O Bxg3 10. hxg3 O-O 11. Nbd2 Nxd2 12. Nxd2 Re8 13. Rfe1 e5 14. c4 e4 15. Qc2 c6 16. Rac1 Bf5 17. f3 g6 18. f4 dxc4 19. Qxc4 Be6 20. Qa4 c5 21. Rxc5 Bd7 22. Qc2 b6 23. Rc7 Bf5 24. Qc3 Rc8 25. Rc4 Rxc4 26. Qxc4 Be6 27. Qc3 Bxa2 28. Qa3 Bd5 29. Qxa7 Re7 30. Qa6 Bb7 31. Qb5 Qc7 32. Nb3 Bc6 33. Qb4 Re8 34. Rc1 Qb7 35. Rc2 Bd5 36. Rc3 Bxb3 37. Rxb3 Re6 38. Kf1 Kg7 39. Ke2 Kh6 40. Kd2 Kh5 41. Kc3 Rc6+ 42. Kd2 Kg4 43. d5 Qd7 44. Qxe4 Rc5 45. Rxb6 Rxd5+ 46. Ke1 Rd1+ 47. Kf2 Qd2# 0-1

[Event "Junior Online 4NCL Division 5"]
[Site "online"]
[Date "2021.03.18"]
[EventDate "2021.03.18"]
[Round "5.273"]
[White "Zabary, Yoav"]
[WhiteElo "929"]
[WhiteTeam "Eden Primary Bishops"]
[Black "Khashu, Rohan"]
[BlackElo "950"]
[BlackTeam "Warwickshire Bears H"]
[Result "0-1"]
[PlyCount "46"]

1. e4 e5 2. Nf3 Nc6 3. d4 exd4 4. Nxd4 Nxd4 5. Qxd4 c5 6. Qd5 Be7 7. Bc4 d6 8. Qxf7+ Kd7 9. Be6+ Kc7 10. Bxc8 Kxc8 11. Nc3 Nf6 12. Bg5 h6 13. Bxf6 Bxf6 14. Nd5 Bxb2 15. Ne7+ Kc7 16. Rd1 Bc3+ 17. Kf1 Rf8 18. Nd5+ Kb8 19. Qe6 Re8 20. Ne7 Rxe7 21. Rxd6 Qf8 22. Qh3 Bd4 23. c3 Qxf2# 0-1

[Event "Junior Online 4NCL Division 5"]
[Site "online"]
[Date "2021.03.18"]
[EventDate "2021.03.18"]
[Round "5.274"]
[White "Sareen, Rohan"]
[WhiteElo "1024"]
[WhiteTeam "Warwickshire Bears H"]
[Black "Groshong, Olivia"]
[BlackElo "850"]
[BlackTeam "Eden Primary Bishops"]
[Result "0-1"]
[PlyCount "51"]

1. e4 e5 2. Nf3 Nc6 3. Bc4 h6 4. Nc3 Bb4 5. d3 d6 6. Be3 Bg4 7. Qd2 Nf6 8. O-O-O O-O 9. h3 Bxf3 10. gxf3 Qe7 11. a3 Bxc3 12. Qxc3 a6 13. Rhg1 b5 14. Bd5 Nxd5 15. exd5 Nd4 16. Bxh6 Ne2+ 17. Kd2 Nxc3 18. Kxc3 Kh8 19. Bxg7+ Kh7 20. h4 Rg8 21. Bf6 Qxf6 22. Rxg8 Kxg8 23. Rg1+ Kf8 24. b4 e4+ 25. d4 exf3 26. Rg3 0-1

[Event "Junior Online 4NCL Division 5"]
[Site "online"]
[Date "2021.03.18"]
[EventDate "2021.03.18"]
[Round "5.275"]
[White "Mykhnenko, Marijka"]
[WhiteElo "1027"]
[WhiteTeam "Warwickshire Bears H"]
[Black "Querfurth Waterman, Tal"]
[BlackElo "858"]
[BlackTeam "Eden Primary Bishops"]
[Result "1-0"]
[PlyCount "77"]

1. e4 e5 2. Nf3 Nc6 3. Bc4 Nf6 4. d3 d6 5. Ng5 d5 6. exd5 Nxd5 7. Nxf7 Kxf7 8. Qf3+ Ke6 9. Nc3 Ne7 10. Bg5 c6 11. O-O h6 12. Bxe7 Bxe7 13. Rfe1 Rf8 14. Qe3 Bf6 15. Ne4 b5 16. Bb3 a5 17. Nc5+ Kd6 18. Bxd5 cxd5 19. Nb3 Re8 20. Qg3 a4 21. Nd4 Bh4 22. Qg6+ Kc7 23. Nxb5+ Kb8 24. Qxg7 Re7 25. Qxh6 Ra5 26. Qxh4 Rxb5 27. Qxa4 Ra5 28. Qb4+ Ka8 29. Qc3 e4 30. dxe4 dxe4 31. Rad1 Rd5 32. Qa3+ Kb8 33. Rxd5 Qxd5 34. Qxe7 Qxa2 35. Qxe4 Qxb2 36. c4 Bb7 37. Qe8+ Ka7 38. Qa4+ Kb8 39. h3 1-0

[Event "Junior Online 4NCL Division 5"]
[Site "online"]
[Date "2021.03.18"]
[EventDate "2021.03.18"]
[Round "5.276"]
[White "Marks, Rory"]
[WhiteElo "914"]
[WhiteTeam "Eden Primary Bishops"]
[Black "Pal, Rhea"]
[BlackElo "1028"]
[BlackTeam "Warwickshire Bears H"]
[Result "1-0"]
[PlyCount "61"]

1. e4 d5 2. exd5 Qxd5 3. Nc3 Qd8 4. Nf3 Nf6 5. Bc4 Bf5 6. O-O e6 7. d3 Bc5 8. Bg5 h6 9. Bh4 O-O 10. Bxf6 Qxf6 11. Re1 Nc6 12. Ne4 Qe7 13. Nxc5 Qxc5 14. b3 Rad8 15. c3 Rd7 16. d4 Qd6 17. Bb5 a6 18. Bxc6 Qxc6 19. Ne5 Qd6 20. Nxd7 Qxd7 21. Qf3 Rd8 22. Qxb7 a5 23. Qa6 Qd5 24. Re5 Qc6 25. Qxc6 Rd7 26. Qxd7 Bd3 27. Qxc7 Kh7 28. Qxf7 Bg6 29. Qxe6 Kh8 30. Qxg6 Kg8 31. Re8# 1-0

[Event "Junior Online 4NCL Division 5"]
[Site "online"]
[Date "2021.03.18"]
[EventDate "2021.03.18"]
[Round "5.277"]
[White "Khashu, Rohan"]
[WhiteElo "950"]
[WhiteTeam "Warwickshire Bears H"]
[Black "Zabary, Yoav"]
[BlackElo "929"]
[BlackTeam "Eden Primary Bishops"]
[Result "1/2-1/2"]
[PlyCount "195"]

1. e4 e5 2. Nf3 Nc6 3. Nc3 Nf6 4. d4 d5 5. dxe5 Nxe5 6. Nxe5 Qe7 7. f4 Nxe4 8. Nxd5 Qh4+ 9. g3 Qd8 10. Bg2 Bb4+ 11. c3 Bd6 12. Bxe4 Bxe5 13. fxe5 c6 14. Qf3 cxd5 15. Bxd5 O-O 16. Rf1 Be6 17. Bxe6 fxe6 18. Qg4 Rxf1+ 19. Kxf1 Qd7 20. h4 Rf8+ 21. Ke1 g6 22. h5 Qf7 23. Qf4 gxh5 24. Qxf7+ Rxf7 25. Be3 Rf3 26. Bxa7 Rxg3 27. Rd1 h4 28. Rd8+ Kf7 29. Bf2 Rg2 30. Rd7+ Ke8 31. Rxh7 Rh2 32. Bxh4 Kf8 33. Rh8+ Kg7 34. Bf6+ Kg6 35. Rxh2 Kf5 36. c4 Ke4 37. c5 Kd3 38. c6 bxc6 39. a4 Kc4 40. a5 Kb5 41. b3 Kxa5 42. Rb2 Kb4 43. Be7+ Kc3 44. Rg2 Kxb3 45. Rg6 Kc4 46. Rxe6 Kd5 47. Rh6 Kxe5 48. Rxc6 Kd5 49. Rh6 Ke5 50. Rh5+ Ke6 51. Bb4 Kf6 52. Kf2 Kg6 53. Rh2 Kg5 54. Kf3 Kf5 55. Rh4 Ke5 56. Ke3 Kd5 57. Rd4+ Kc6 58. Ke4 Kb5 59. Bd2 Kc5 60. Bb4+ Kb5 61. Kd3 Ka4 62. Bc3+ Kb3 63. Rb4+ Ka2 64. Kc2 Ka3 65. Rb8 Ka4 66. Ra8+ Kb5 67. Ra2 Kc4 68. Ra4+ Kb5 69. Rb4+ Kc5 70. Kd3 Kd5 71. Ke3 Kc5 72. Rh4 Kd5 73. Kd3 Kc5 74. Rc4+ Kd5 75. Rd4+ Kc5 76. Bb4+ Kb5 77. Kc3 Ka4 78. Bf8+ Kb5 79. Rb4+ Kc6 80. Kd4 Kd7 81. Bh6 Ke6 82. Rb5 Kf6 83. Ke4 Kg6 84. Bc1 Kf6 85. Rf5+ Ke6 86. Ra5 Kd6 87. Bf4+ Kc6 88. Kd4 Kb6 89. Rh5 Kc6 90. Kc4 Kb6 91. Be3+ Kc6 92. Rh6+ Kd7 93. Kd5 Ke7 94. Ke5 Kd7 95. Rd6+ Kc7 96. Bb6+ Kb7 97. Kd5 Ka6 98. Ke6 1/2-1/2

[Event "Junior Online 4NCL Division 5"]
[Site "online"]
[Date "2021.03.18"]
[EventDate "2021.03.18"]
[Round "5.278"]
[White "Groshong, Olivia"]
[WhiteElo "850"]
[WhiteTeam "Eden Primary Bishops"]
[Black "Sareen, Rohan"]
[BlackElo "1024"]
[BlackTeam "Warwickshire Bears H"]
[Result "1-0"]
[PlyCount "23"]

1. e4 e5 2. Nf3 Nc6 3. Bc4 Nf6 4. Ng5 Bc5 5. Nxf7 Bxf2+ 6. Kxf2 Nxe4+ 7. Ke1 Qh4+ 8. g3 Qf6 9. Rf1 Qg6 10. Nxh8 Qd6 11. Nf7 Nd4 12. Nxd6+ 1-0

[Event "Junior Online 4NCL Division 5"]
[Site "online"]
[Date "2021.03.18"]
[EventDate "2021.03.18"]
[Round "5.281"]
[White "Chandrashekhar, Prithvi"]
[WhiteElo "1000"]
[WhiteTeam "MCS Tenners B"]
[Black "Pasha, Ahmed"]
[BlackElo "900"]
[BlackTeam "The Hall 5"]
[Result "0-1"]
[PlyCount "36"]

1. e4 e5 2. Bc4 Bc5 3. Qh5 Qe7 4. Nf3 d6 5. Ng5 Nh6 6. Nxf7 Nxf7 7. Bxf7+ Qxf7 8. Qe2 Bg4 9. Qxg4 Qxf2+ 10. Kd1 Qd4 11. d3 O-O 12. Rf1 Rxf1+ 13. Kd2 Qf2+ 14. Kc3 Bd4+ 15. Kb4 Bc5+ 16. Kc4 Qd4+ 17. Kb3 Rf2 18. Qh5 Qb4# 0-1

[Event "Junior Online 4NCL Division 5"]
[Site "online"]
[Date "2021.03.18"]
[EventDate "2021.03.18"]
[Round "5.282"]
[White "Hansjee, Sebastian"]
[WhiteElo "900"]
[WhiteTeam "The Hall 5"]
[Black "Large, Marcus"]
[BlackElo "903"]
[BlackTeam "MCS Tenners B"]
[Result "0-1"]
[PlyCount "114"]

1. e4 e5 2. Bc4 Nc6 3. Nf3 Nf6 4. d3 d6 5. Nc3 Bg4 6. h3 Bh5 7. g4 Bg6 8. Ng5 Nd4 9. Be3 Nc6 10. a3 Be7 11. Qf3 h6 12. Nxf7 Bxf7 13. Bxf7+ Kxf7 14. O-O-O Kg8 15. Kb1 Rb8 16. g5 Ne8 17. gxh6 gxh6 18. Rhg1+ Ng7 19. Qg2 Bf8 20. Nd5 a6 21. Qf3 Be7 22. Rg2 Qf8 23. Qe2 Kh7 24. Rdg1 Rg8 25. Bxh6 Kxh6 26. Rg6+ Kh7 27. Qe3 Ne6 28. Rh6+ Qxh6 29. Qxh6+ Kxh6 30. Rxg8 Rxg8 31. Nxe7 Nxe7 32. Ka2 Nd4 33. c3 Nc2 34. Kb3 Ne1 35. h4 Ng2 36. d4 exd4 37. cxd4 Nxh4 38. e5 dxe5 39. dxe5 Nc6 40. e6 Re8 41. f4 Rxe6 42. a4 b5 43. axb5 axb5 44. Kc3 Re3+ 45. Kd2 Re4 46. f5 Nxf5 47. b4 Kg5 48. Kd3 Kf4 49. Kd2 Nxb4 50. Kc3 Rc4+ 51. Kb3 Nd4+ 52. Kb2 Nd3+ 53. Ka3 Rc3+ 54. Ka2 Rc2+ 55. Ka3 b4+ 56. Ka4 b3 57. Ka3 Ra2# 0-1

[Event "Junior Online 4NCL Division 5"]
[Site "online"]
[Date "2021.03.18"]
[EventDate "2021.03.18"]
[Round "5.283"]
[White "Parekh, Cole"]
[WhiteElo "937"]
[WhiteTeam "MCS Tenners B"]
[Black "Dean, Eskander"]
[BlackElo "900"]
[BlackTeam "The Hall 5"]
[Result "0-1"]
[PlyCount "52"]

1. e4 e5 2. Nf3 Nc6 3. Nc3 Nf6 4. Bc4 d6 5. Ng5 Be6 6. Bxe6 fxe6 7. Nxe6 Qd7 8. Nxf8 Rxf8 9. O-O d5 10. d3 dxe4 11. dxe4 Qxd1 12. Rxd1 Nd4 13. Be3 Nxc2 14. Rac1 Nxe3 15. fxe3 Rc8 16. Nb5 Rf7 17. Nxa7 Ra8 18. Nb5 Rxa2 19. Nxc7+ Kf8 20. Ne6+ Ke8 21. Rc8+ Ke7 22. Nc5 Rxb2 23. Rd7+ Nxd7 24. Nxd7 Kxd7 25. Rc3 Rb1+ 26. Rc1 Rxc1# 0-1

[Event "Junior Online 4NCL Division 5"]
[Site "online"]
[Date "2021.03.18"]
[EventDate "2021.03.18"]
[Round "5.284"]
[White "Penderis, Oliver"]
[WhiteElo "900"]
[WhiteTeam "The Hall 5"]
[Black "Zayed, Tashinga"]
[BlackElo "963"]
[BlackTeam "MCS Tenners B"]
[Result "1-0"]
[PlyCount "39"]

1. e4 e5 2. Nf3 Nf6 3. Nc3 Nc6 4. Bc4 d5 5. exd5 Nb4 6. d3 Nh5 7. Ng5 h6 8. Qxh5 g6 9. Qf3 Be7 10. Nxf7 O-O 11. Nxd8 Bxd8 12. Qg3 Be7 13. Qxg6+ Kh8 14. O-O Rf6 15. Qe8+ Kg7 16. Qh5 Rg6 17. Qxe5+ Bf6 18. Qxc7+ Kg8 19. d6+ Kf8 20. Qf7# 1-0

[Event "Junior Online 4NCL Division 5"]
[Site "online"]
[Date "2021.03.18"]
[EventDate "2021.03.18"]
[Round "5.285"]
[White "Pasha, Ahmed"]
[WhiteElo "900"]
[WhiteTeam "The Hall 5"]
[Black "Chandrashekhar, Prithvi"]
[BlackElo "1000"]
[BlackTeam "MCS Tenners B"]
[Result "1-0"]
[PlyCount "23"]

1. e4 e5 2. Qh5 Bc5 3. Qxe5+ Ne7 4. Qxg7 Rf8 5. Qxh7 Nf5 6. Qxf5 Qh4 7. Nf3 Qxf2+ 8. Kd1 Qxg2 9. Bxg2 Rg8 10. Qe5+ Kd8 11. Qxc5 Rxg2 12. Qf8# 1-0